KSK už rozdelil na dotáciách takmer 5 miliónov krajských poslancov rozhádali iba peniaze pre cirkev

Bibliographic Details
Main Author: Kizek, Marián (Author)
Format: Article
Language:Slovak
PhysicalDescription:Fotogr.
ISSN:1335-4566
Subjects:

MARC

LEADER 00000nab a2200000 a 4500
001 vtls009293660
003 SK-MaSNL
005 20260303192315.0
008 080513c20080513xo drz 0 0slo
038 |a KEVKJB 
040 |a KEVKJB  |b slo  |c KEVKJB  |e AACR2 
041 0 |a slo 
044 |a xo  |c SK 
080 |a 336.56  |2 2001 
080 |a 353.9  |2 2001 
100 1 |a Kizek, Marián  |4 aut  |9 877271 
245 1 0 |a KSK už rozdelil na dotáciách takmer 5 miliónov  |b krajských poslancov rozhádali iba peniaze pre cirkev  |c Marián Kizek 
300 |b Fotogr. 
610 2 7 |a Košický samosprávny kraj (Slovensko).  |b Úrad  |2 kevkjb  |9 30611 
650 0 7 |a rozpočet  |x dotácie  |y 2008  |2 kevkjb  |9 1222670 
651 7 |a Košice (Slovensko)  |2 kevkjb  |9 18694 
773 0 |t Košický Korzár  |g Roč. XI, č. 110 (13.5.2008), s. 7  |x 1335-4566 
852 |a KEVKJB  |b KIS3GCP 
999 |c 2145481  |d 2147411